Statistics for Spanish words in pictures

Click here to take the quiz!

General Stats

  • This quiz has been taken 67 times
  • The average score is 15 of 20

Answer Stats

Answer% Correct
Gato
96%
Perro
96%
Manzana
93%
Playa
93%
Sol
93%
Leche
91%
Zapatos
91%
Ojo
89%
Boleto
87%
Tren
85%
Pasaporte
78%
Cama
74%
Corazón
72%
Árbol
69%
Hamburguesa
67%
Reloj
57%
Camarero
46%
Estados Unidos
37%
Búho
33%
Jalapeño
22%

Score Distribution

Percentile by Number Answered

Percent of People with Each Score

Your Score History

You have not taken this quiz